Il palio dei buffi /

সংরক্ষণ করুন:
গ্রন্থ-পঞ্জীর বিবরন
প্রধান লেখক: Palazzeschi, Aldo
বিন্যাস: গ্রন্থ
ট্যাগগুলো: ট্যাগ যুক্ত করুন
কোনো ট্যাগ নেই, প্রথমজন হিসাবে ট্যাগ করুন!

MARC

LEADER 00000nam a22000007i 4500
001 CDOM0000002610
003 mi
005 20250912151210.0
008 040727s1944 it |||||| ||||| |||||c
040 |c mi 
100 |a Palazzeschi, Aldo 
240 1 3 |a Il palio dei buffi 
245 1 3 |a Il palio dei buffi /  |c Aldo Palazzeschi 
942 |2 ddc  |c BK 
952 |0 0  |1 0  |2 ddc  |4 0  |7 0  |9 6096  |a MI  |b MI  |d 2006-07-02  |i 801  |l 0  |p CDOM801  |r 2025-07-13 16:28:00  |w 2025-07-13  |x DONO-OLIVARI  |y BK 
999 |c 4869  |d 4869